Predpisy o dani z pridanej hodnoty na rok 1995

Na minha lista:
Detalhes bibliográficos
Formato: Livro
Idioma:eslovaco
Publicado em: Bratislava EPOS 1995
Edição:1. vyd.
Assuntos:
Tags: Adicionar Tag
Sem tags, seja o primeiro a adicionar uma tag!

MARC

LEADER 00000nam a2200000 4500
001 c010757
005 20221128073654.5
020 |a 80-85703-99-8 
041 0 |a slo 
044 |a SK 
245 1 0 |a Predpisy o dani z pridanej hodnoty na rok 1995 
250 |a 1. vyd. 
264 1 |a Bratislava  |b EPOS  |c 1995 
300 |a 112 s. 
610 2 0 |a dane z hodnoty pridanej 
610 2 0 |a predpisy právne 
610 2 0 |a Slovensko 
610 2 0 |a zákony 
610 2 0 |a 1995